[Event "24th ch-EUR Indiv 2024"]
[Site "Petrovac MNE"]
[Date "2024.11.11"]
[Round "4.71"]
[White "Fernandez, Daniel Howard"]
[Black "Kanyamarala, Tarun"]
[Result "1/2-1/2"]
[WhiteTitle "GM"]
[BlackTitle "IM"]
[WhiteElo "2503"]
[BlackElo "2371"]
[WhiteFideId "5801605"]
[BlackFideId "45004714"]
[EventDate "2024.11.08"]

1. e4 c5 2. Nf3 Nc6 3. Bb5 g6 4. O-O Bg7 5. Re1 e5 6. Bxc6 dxc6 7. d3 Qe7 8. a3
a5 9. b4 axb4 10. Bb2 Bg4 11. Nbd2 bxa3 12. c4 Nf6 13. Qb3 Nd7 14. Bxa3 Rb8 15.
Reb1 O-O 16. Bc1 Qd6 17. h3 Bxf3 18. Nxf3 Rfd8 19. Be3 Nf8 20. Ra7 Rd7 21. Qa3
Ne6 22. Rb3 b6 23. Ra8 Rb7 24. Qa6 Qc7 25. h4 h6 26. h5 Rxa8 27. Qxa8+ Qb8 28.
Qxb8+ Rxb8 29. hxg6 fxg6 30. Ra3 b5 31. Ra6 bxc4 32. Rxc6 Kf7 33. dxc4 Rb4 34.
Nd2 Bf8 35. g3 h5 36. Kg2 Be7 37. f4 exf4 38. gxf4 Rb2 39. Kg3 Rc2 40. Nf3 Bf6
41. f5 gxf5 42. exf5 h4+ 43. Kh3 Nd4 44. Bxd4 1/2-1/2

[Event "24th ch-EUR Indiv 2024"]
[Site "Petrovac MNE"]
[Date "2024.11.11"]
[Round "4.72"]
[White "Abdulov, Orkhan"]
[Black "Kramer, Julian"]
[Result "1/2-1/2"]
[WhiteTitle "IM"]
[BlackTitle "IM"]
[WhiteElo "2385"]
[BlackElo "2503"]
[WhiteFideId "13402714"]
[BlackFideId "12921742"]
[EventDate "2024.11.08"]

1. e4 e6 2. d4 d5 3. Nc3 Bb4 4. e5 c5 5. a3 Ba5 6. b4 cxd4 7. Nb5 Bc7 8. f4 Bd7
9. Nf3 Bxb5 10. Bxb5+ Nc6 11. Nxd4 Ne7 12. O-O O-O 13. Nxc6 bxc6 14. Bd3 a5 15.
Rb1 axb4 16. axb4 Nf5 17. g4 Nd4 18. Bb2 Nb5 19. g5 g6 20. Rf3 h5 21. gxh6 Qh4
22. Kh1 Bb6 23. Qf1 Na3 24. Rh3 Qe7 25. Ra1 Nc4 26. Bxc4 Rxa1 27. Bxa1 dxc4 28.
f5 Kh7 29. fxg6+ fxg6 30. Rf3 Rxf3 31. Qxf3 Qg5 32. Qf1 Qe3 33. Kg2 Qe4+ 34. Kg3
Qe3+ 35. Kg4 Qe4+ 36. Kg3 Be3 37. Qf3 Qxf3+ 38. Kxf3 Bg1 39. h3 Kxh6 40. Kg4 Be3
41. Bc3 Bc1 42. h4 Be3 1/2-1/2

[Event "24th ch-EUR Indiv 2024"]
[Site "Petrovac MNE"]
[Date "2024.11.11"]
[Round "4.73"]
[White "Sivuk, Vitaly"]
[Black "Wallace, John Paul"]
[Result "0-1"]
[WhiteTitle "GM"]
[BlackTitle "IM"]
[WhiteElo "2502"]
[BlackElo "2368"]
[WhiteFideId "14116502"]
[BlackFideId "3200957"]
[EventDate "2024.11.08"]

1. c4 e5 2. Nc3 Bb4 3. Nd5 a5 4. Nf3 d6 5. a3 Bc5 6. g3 Nf6 7. d4 exd4 8. Bg5
Nbd7 9. Nxd4 h6 10. Nxf6+ Nxf6 11. Bf4 g5 12. Bc1 Ng4 13. e3 Qf6 14. f3 Ne5 15.
Bg2 h5 16. Nb5 Kd8 17. Nc3 Bf5 18. Nd5 Qg7 19. O-O c6 20. Nc3 Nxc4 21. Qe2 Ne5
22. Rd1 Ke7 23. Kh1 g4 24. f4 h4 25. fxe5 hxg3 26. exd6+ Kd7 27. Kg1 Rxh2 28.
Rf1 Qh7 29. Rxf5 Qxf5 30. Bd2 Rah8 31. Rf1 Qh5 32. Rxf7+ Kd8 33. Rf8+ Rxf8 34.
Ne4 Rf2 35. Nxf2 gxf2+ 36. Qxf2 Bxd6 37. Bc3 g3 38. Qf6+ Kc7 39. Qg7+ Kb8 40.
Qd4 Rxg2+ 41. Kxg2 Qe2+ 42. Kh3 Qh2+ 43. Kg4 g2 0-1

[Event "24th ch-EUR Indiv 2024"]
[Site "Petrovac MNE"]
[Date "2024.11.11"]
[Round "4.74"]
[White "Gasparyan, Erik R."]
[Black "Djukic, Nikola"]
[Result "1/2-1/2"]
[WhiteTitle "FM"]
[BlackTitle "GM"]
[WhiteElo "2371"]
[BlackElo "2499"]
[WhiteFideId "13315730"]
[BlackFideId "922412"]
[EventDate "2024.11.08"]

1. d4 Nf6 2. c4 e6 3. Nf3 b6 4. g3 Ba6 5. Qc2 c5 6. d5 exd5 7. cxd5 Bb7 8. Bg2
Nxd5 9. O-O Nc6 10. Rd1 Be7 11. a3 Nc7 12. Bf4 Ne6 13. e3 Nxf4 14. gxf4 d6 15.
Nc3 O-O 16. Nd5 h6 17. Rd2 Re8 18. Rad1 Bf8 19. Nc3 Qd7 20. h3 Rad8 21. Nh4 Na5
22. Bxb7 Nxb7 23. Kh2 c4 24. Nd5 b5 25. Rg1 Kh8 26. f3 Qe6 27. Qc3 Rd7 28. e4
Nc5 29. Rdg2 f6 30. Ng6+ Kh7 31. f5 Qf7 32. Nxf8+ Rxf8 33. Rxg7+ Qxg7 34. Rxg7+
Kxg7 35. Qd4 Nd3 36. Qg1+ Kh8 37. Qg6 Rdf7 38. f4 a5 39. Qxh6+ Kg8 40. Qg6+ Kh8
41. Qh6+ Kg8 42. Qg6+ Kh8 43. Qh6+ 1/2-1/2

[Event "24th ch-EUR Indiv 2024"]
[Site "Petrovac MNE"]
[Date "2024.11.11"]
[Round "4.75"]
[White "Malek, Jan"]
[Black "Citak, Selim"]
[Result "1/2-1/2"]
[WhiteTitle "IM"]
[BlackTitle "FM"]
[WhiteElo "2499"]
[BlackElo "2366"]
[WhiteFideId "21864080"]
[BlackFideId "6301819"]
[EventDate "2024.11.08"]

1. e4 e5 2. Nf3 Nf6 3. Nxe5 d6 4. Nd3 Nxe4 5. Qe2 Qe7 6. Nf4 Nc6 7. Nd5 Nd4 8.
Nxe7 Nxe2 9. Nd5 Nd4 10. d3 Nc5 11. Na3 Nde6 12. d4 c6 13. dxc5 cxd5 14. cxd6
Bxd6 15. Nb5 Be5 16. g3 O-O 17. f4 Bf6 18. Be3 a6 19. Nd6 Bxb2 20. Rb1 Bc3+ 21.
Bd2 Bxd2+ 22. Kxd2 b5 23. a4 bxa4 24. Bg2 Rd8 25. Rb6 Nc5 26. Ra1 g6 27. Ke3 Be6
28. Kd4 Nd7 29. Rc6 Nb8 30. Rb6 Nd7 31. Rc6 Nb8 1/2-1/2

[Event "24th ch-EUR Indiv 2024"]
[Site "Petrovac MNE"]
[Date "2024.11.11"]
[Round "4.76"]
[White "Golubka, Petro"]
[Black "Ioannidis, Evgenios"]
[Result "0-1"]
[WhiteTitle "GM"]
[BlackTitle "GM"]
[WhiteElo "2365"]
[BlackElo "2497"]
[WhiteFideId "14114224"]
[BlackFideId "4229274"]
[EventDate "2024.11.08"]

1. e4 e5 2. Nf3 Nc6 3. Bb5 a6 4. Ba4 Nf6 5. O-O Bc5 6. c3 b5 7. Bb3 d6 8. d4 Bb6
9. Be3 O-O 10. Nbd2 Re8 11. dxe5 dxe5 12. Qe2 Na5 13. Bc2 c5 14. c4 Nc6 15. a4
b4 16. Nb3 Nd4 17. Nfxd4 cxd4 18. Bg5 a5 19. c5 Bc7 20. Bd3 h6 21. Bxf6 Qxf6 22.
Rfc1 Qg5 23. c6 Re6 24. Nd2 Rg6 25. g3 Bg4 26. Qe1 h5 27. h4 Qh6 28. Kh2 Rd8 29.
Rc5 Rxc6 30. Rac1 Bd7 31. Nf3 Rxc5 32. Rxc5 Qb6 33. Qc1 Bd6 34. Rd5 Bc6 35. Rxa5
Qxa5 36. Qxc6 Qa8 37. Qb5 Rc8 38. a5 Qc6 39. Qxc6 Rxc6 40. a6 Rc8 41. Nd2 f6 42.
Bc4+ Kf8 43. Bd5 Bb8 44. Nc4 f5 45. f3 fxe4 46. fxe4 Ke7 47. Kg2 Rf8 48. Nd2 d3
49. Bc4 Ba7 50. Nf3 d2 51. Be2 0-1

[Event "24th ch-EUR Indiv 2024"]
[Site "Petrovac MNE"]
[Date "2024.11.11"]
[Round "4.77"]
[White "Bodiroga, Predrag"]
[Black "Tarhan, Adar"]
[Result "0-1"]
[WhiteTitle "IM"]
[BlackTitle "IM"]
[WhiteElo "2260"]
[BlackElo "2492"]
[WhiteFideId "915700"]
[BlackFideId "34544712"]
[EventDate "2024.11.08"]

1. d4 Nf6 2. Nf3 e6 3. Bf4 c5 4. e3 Qb6 5. Qc1 Nc6 6. c3 Nh5 7. Bg3 Nxg3 8. hxg3
g6 9. Nbd2 d5 10. Nb3 c4 11. Nbd2 Bg7 12. e4 O-O 13. Be2 Qd8 14. e5 f6 15. exf6
Qxf6 16. O-O b5 17. Nh2 b4 18. Ng4 Qg5 19. Bf3 Bd7 20. Qe1 Rab8 21. Nh2 Kh8 22.
Bg4 Rbe8 23. f4 Qd8 24. Nhf3 Bc8 25. Bh3 bxc3 26. bxc3 Qa5 27. Qe3 Qa3 28. Ne5
Nxe5 29. dxe5 Bd7 30. Nf3 Rb8 31. Rfb1 Rb2 32. Rxb2 Qxb2 33. Qc1 Qxc1+ 34. Rxc1
Rb8 35. Nd4 Rb6 36. a4 a5 37. Nb5 Bf8 38. Rb1 Bxb5 39. axb5 a4 40. Kf1 a3 41.
Ke2 Bc5 42. Kd2 Kg7 43. Bg4 Bf2 44. Ke2 Bxg3 45. Ra1 Bxf4 46. Rxa3 Bxe5 47. Ra6
Rxb5 48. Bxe6 Bxc3 49. Rd6 Kf6 50. Bg8+ Ke5 51. Re6+ Kf5 52. Rd6 Be5 53. Rxd5
Rxd5 54. Bxd5 c3 55. Kf3 h5 56. Be4+ Kf6 57. Bc2 g5 58. g3 g4+ 59. Kf2 Kg5 60.
Kg2 0-1

[Event "24th ch-EUR Indiv 2024"]
[Site "Petrovac MNE"]
[Date "2024.11.11"]
[Round "4.78"]
[White "Pogorelskikh, Sofia"]
[Black "Samadov, Read"]
[Result "1/2-1/2"]
[WhiteTitle "WIM"]
[BlackTitle "IM"]
[WhiteElo "2252"]
[BlackElo "2490"]
[WhiteFideId "44164548"]
[BlackFideId "13417444"]
[EventDate "2024.11.08"]

1. e4 c5 2. Nf3 d6 3. d4 cxd4 4. Nxd4 Nf6 5. Nc3 a6 6. Bg5 Nbd7 7. Bc4 Qb6 8.
Bb3 e6 9. Qd2 Be7 10. O-O-O Nc5 11. f3 Qc7 12. g4 b5 13. a3 Bd7 14. Ba2 O-O 15.
Rhg1 Kh8 16. Nf5 exf5 17. gxf5 Qd8 18. Qg2 g6 19. Bh6 a5 20. Ne2 Ng8 21. fxg6
fxg6 22. Bxf8 Bxf8 23. Qf2 Bg7 24. Rxd6 Qc7 25. Rgd1 Rc8 26. Nf4 Ne7 27. Kb1 Be5
28. Nxg6+ Nxg6 29. Rxg6 hxg6 1/2-1/2

[Event "24th ch-EUR Indiv 2024"]
[Site "Petrovac MNE"]
[Date "2024.11.11"]
[Round "4.79"]
[White "Girel, Joseph"]
[Black "Gevorgyan, David Sh."]
[Result "1/2-1/2"]
[WhiteTitle "GM"]
[BlackTitle "IM"]
[WhiteElo "2486"]
[BlackElo "2247"]
[WhiteFideId "36033561"]
[BlackFideId "13303244"]
[EventDate "2024.11.08"]

1. e4 e5 2. Nf3 Nc6 3. d4 exd4 4. Nxd4 Bc5 5. Nb3 Bb6 6. Nc3 Qf6 7. Qe2 Nge7 8.
Nd5 Nxd5 9. exd5+ Ne7 10. a4 a5 11. h4 Qd6 12. c4 Qb4+ 13. Nd2 O-O 14. Rh3 Nf5
15. Rb3 Qd6 16. Nf3 Nd4 17. Nxd4 Bxd4 18. g3 Qc5 19. Rb5 Qa7 20. Bd2 b6 21. Qe4
Bf6 22. Bd3 g6 23. Kf1 d6 24. Qf3 Bg7 25. h5 Bd7 26. Rb3 Rae8 27. Bc3 Qa8 28.
Kg2 Qd8 29. Bxg7 Kxg7 30. Qf4 h6 31. Qd4+ Qf6 32. Qxf6+ Kxf6 33. hxg6 fxg6 34.
Rc3 g5 35. b3 Kg7 36. Rf1 Rf6 37. Rc2 Re7 38. Re2 Rxe2 39. Bxe2 Rf7 40. Bd3 Re7
41. Rd1 Bg4 42. f3 Bd7 43. Kf2 Be8 44. f4 gxf4 45. gxf4 Kf6 1/2-1/2

[Event "24th ch-EUR Indiv 2024"]
[Site "Petrovac MNE"]
[Date "2024.11.11"]
[Round "4.80"]
[White "Deuer, Marius"]
[Black "Shvedova, Alexandra"]
[Result "1-0"]
[WhiteTitle "IM"]
[BlackTitle "WFM"]
[WhiteElo "2479"]
[BlackElo "2206"]
[WhiteFideId "16236432"]
[BlackFideId "54154782"]
[EventDate "2024.11.08"]

1. Nf3 d5 2. d4 Nf6 3. g3 Bf5 4. c4 e6 5. Nc3 h6 6. Bg2 c6 7. O-O Be7 8. b3 Ne4
9. Bb2 Nd7 10. Nd2 Nxd2 11. Qxd2 Nf6 12. f3 c5 13. cxd5 exd5 14. Rad1 Qd7 15.
dxc5 Bxc5+ 16. Kh1 Rd8 17. e4 dxe4 18. Qe2 Qe7 19. Rxd8+ Qxd8 20. Qb5+ Nd7 21.
Nxe4 Bxe4 22. fxe4 Qb6 23. Qxb6 Bxb6 24. Bxg7 Rh7 25. Bc3 h5 26. e5 Bc7 27. Re1
b6 28. e6 fxe6 29. Rxe6+ Kd8 30. Bc6 Rf7 31. Kg2 Rf5 32. Rh6 Ne5 33. Be4 Rg5 34.
Rh8+ Ke7 35. Bb4+ Kf6 36. Rh6+ Kf7 37. Rh7+ Rg7 38. Rxh5 Ng4 39. Bc3 Nf6 40. Rf5
Bd8 41. Bd3 Ke6 42. Re5+ Kd6 43. Bc4 Rg6 44. Re6+ Kd7 45. a4 a6 46. Bxf6 1-0

[Event "24th ch-EUR Indiv 2024"]
[Site "Petrovac MNE"]
[Date "2024.11.11"]
[Round "4.81"]
[White "Djokic, Mihailo"]
[Black "Olsen, Filip Boe"]
[Result "1-0"]
[WhiteTitle "FM"]
[BlackTitle "IM"]
[WhiteElo "2204"]
[BlackElo "2470"]
[WhiteFideId "976440"]
[BlackFideId "1440640"]
[EventDate "2024.11.08"]

1. d4 d5 2. c4 e6 3. Nc3 Nf6 4. Nf3 Nbd7 5. e3 a6 6. c5 b6 7. b4 c6 8. Rb1 g6 9.
Be2 Bg7 10. O-O O-O 11. a4 bxc5 12. bxc5 Qc7 13. Qc2 e5 14. Rd1 Re8 15. Bf1 e4
16. Nd2 Ng4 17. g3 Ndf6 18. Nb3 h5 19. a5 Nh7 20. Nd2 h4 21. Re1 Bf5 22. Qa4 Bh6
23. Nd1 Re6 24. Rb6 Rf6 25. Bg2 Bc8 26. Nf1 Bf8 27. Re2 Ng5 28. Reb2 hxg3 29.
hxg3 Nf3+ 30. Bxf3 exf3 31. e4 dxe4 32. Bg5 Rf5 33. Bf4 Rxf4 34. gxf4 Qxf4 35.
Qxc6 Qg5 36. Ng3 Qc1 37. Rb1 Qh6 38. Qxe4 Qh2+ 39. Kf1 Qg2+ 40. Ke1 Ra7 41. Rb8
Re7 42. Rxc8 Kh7 43. Rxf8 Rxe4+ 44. Nxe4 Qh1+ 45. Kd2 Qh6+ 46. Ne3 Qxf8 47. Nxg4
Qd8 48. Nef6+ Kg7 49. Rb6 Qxd4+ 50. Kc2 Qxc5+ 51. Kb3 Qf5 52. Kb4 Qb1+ 53. Kc5
Qc2+ 54. Kd4 Qd2+ 55. Ke4 g5 56. Kxf3 Qxa5 57. Rd6 Qa3+ 58. Ke4 Qb4+ 59. Rd4
Qb1+ 60. Kf3 a5 61. Rd5 Qb3+ 62. Kg2 Kg6 63. Rxa5 Qb7+ 64. Rd5 Qa8 65. Kg1 Qb8
66. Ne5+ Kg7 67. Nh5+ Kh6 68. Ng3 Qb1+ 69. Kh2 Kg7 70. Ng4 Kg6 71. Ne3 Qb8 72.
Kh3 Qh8+ 73. Kg2 Qa8 74. Ne4 f6 75. Kf3 Qh8 76. Ng3 Qa8 77. Ke2 Qa2+ 78. Kf1
Qa1+ 79. Kg2 Qa8 80. Ne4 Qb7 81. f3 Qb2+ 82. Rd2 Qa3 83. Kf2 Kf7 84. Rd7+ Kg6
85. Rd6 Qb2+ 86. Kg3 Qb8 87. Kg4 Qc8+ 88. Kg3 Qb8 89. Kg2 Qb2+ 90. Kh3 Qe2 91.
Rxf6+ Kh7 92. Nxg5+ Kg7 93. Re6 Qb5 94. Kg4 Qb1 95. f4 Qg1+ 96. Kf5 Qb1+ 97. Re4
Qd3 98. Kg4 Qe2+ 99. Nf3 Qa2 100. f5 Qb3 101. Ng5 Qa2 102. Re7+ Kf6 103. Re6+
Kg7 104. Kf4 Qh2+ 105. Kg4 Qa2 106. Rg6+ Kf8 107. Ne6+ Kf7 108. Nf4 Qb1 109. Kg5
Qc1 110. Ng4 Qg1 111. Rc6 Qg3 112. Rc7+ Kf8 113. f6 Qb3 114. Rc8+ 1-0

[Event "24th ch-EUR Indiv 2024"]
[Site "Petrovac MNE"]
[Date "2024.11.11"]
[Round "4.82"]
[White "Odabasi, Ruzgar"]
[Black "Stoyanov, Tsvetan"]
[Result "0-1"]
[BlackTitle "IM"]
[WhiteElo "2114"]
[BlackElo "2465"]
[WhiteFideId "51604787"]
[BlackFideId "2917173"]
[EventDate "2024.11.08"]

1. d4 d5 2. c4 dxc4 3. Nf3 Nf6 4. e3 e6 5. Bxc4 Be7 6. O-O a6 7. a4 c5 8. Qe2
cxd4 9. Rd1 O-O 10. Nc3 Nc6 11. exd4 Nd5 12. Ne5 Nxc3 13. bxc3 Nxe5 14. dxe5 Qc7
15. Rd4 Bd7 16. Rg4 Rfd8 17. Bh6 g6 18. h4 Rac8 19. h5 b5 20. Bd3 Be8 21. axb5
Qxc3 22. Rd1 Bxb5 23. hxg6 hxg6 24. Bxb5 Rxd1+ 25. Qxd1 axb5 26. Qe2 Rc4 27.
Rxc4 Qxc4 28. Qf3 Qd4 29. Qe2 b4 30. Bc1 Bc5 31. Bb2 Qf4 32. Qc2 Bd4 33. Qe2 Bc3
34. Kf1 Qh4 35. f3 Qh1+ 36. Kf2 Qh4+ 37. Kf1 Qh1+ 38. Kf2 Qb1 39. Bxc3 bxc3 40.
Qc4 c2 41. Qd4 c1=Q 42. Qd8+ Kh7 43. Qh4+ Qh6 0-1

[Event "24th ch-EUR Indiv 2024"]
[Site "Petrovac MNE"]
[Date "2024.11.11"]
[Round "4.83"]
[White "Nemsadze, Daviti"]
[Black "Martirosyan, Haik M."]
[Result "1-0"]
[WhiteTitle "FM"]
[BlackTitle "GM"]
[WhiteElo "2366"]
[BlackElo "2676"]
[WhiteFideId "13619250"]
[BlackFideId "13306553"]
[EventDate "2024.11.08"]

1. e4 c5 2. Nf3 Nc6 3. Bb5 g6 4. Bxc6 dxc6 5. d3 Bg7 6. O-O Nf6 7. h3 Nd7 8. Nc3
O-O 9. Be3 e5 10. Qd2 Re8 11. Nh2 Qe7 12. a4 Nf8 13. f4 exf4 14. Bxf4 f6 15.
Rae1 Be6 16. b3 Qd8 17. Nd1 b5 18. Nf3 bxa4 19. bxa4 Qb6 20. a5 Qa6 21. Bd6 Nd7
22. Ne3 h6 23. Kh1 Kh7 24. h4 c4 25. h5 gxh5 26. Nh4 cxd3 27. cxd3 c5 28. Nef5
Bxf5 29. Nxf5 Ne5 30. Bxe5 fxe5 31. Rf3 Re6 32. Nxg7 Kxg7 33. Ref1 Rg8 34. Rf7+
Kh8 35. Qb2 h4 36. R1f5 Rge8 37. Qf2 Qd6 38. Rf8+ 1-0

[Event "24th ch-EUR Indiv 2024"]
[Site "Petrovac MNE"]
[Date "2024.11.11"]
[Round "4.84"]
[White "Predke, Alexandr"]
[Black "Pastar, Slaven"]
[Result "0-1"]
[WhiteTitle "GM"]
[BlackTitle "IM"]
[WhiteElo "2652"]
[BlackElo "2361"]
[WhiteFideId "24107581"]
[BlackFideId "14402718"]
[EventDate "2024.11.08"]

1. d4 Nf6 2. c4 e6 3. Nf3 b6 4. a3 Bb7 5. Nc3 d5 6. cxd5 Nxd5 7. e3 g6 8. h4 h6
9. Qa4+ c6 10. e4 Nxc3 11. bxc3 Bg7 12. e5 Nd7 13. Be2 Qc7 14. Be3 a6 15. h5 g5
16. Nd2 c5 17. Bf3 Bxf3 18. gxf3 b5 19. Qb3 c4 20. Qc2 f5 21. f4 gxf4 22. Bxf4
Nb6 23. Qd1 Nd5 24. Qf3 Qa5 25. Rh3 Bf8 26. Nf1 Rg8 27. Bd2 Ra7 28. Ne3 Nxe3 29.
Qc6+ Kf7 30. Rxe3 Rg1+ 31. Ke2 Rxa1 32. d5 Re7 33. Rf3 Qc7 34. dxe6+ Kg8 35. Qd5
Qb7 36. Qxb7 Rxb7 37. Rxf5 Bg7 38. Be3 Re7 39. Bc5 Rxe6 40. f4 a5 41. Ke3 Rd1
42. Ke4 0-1

[Event "24th ch-EUR Indiv 2024"]
[Site "Petrovac MNE"]
[Date "2024.11.11"]
[Round "4.85"]
[White "Tudor, Henry Edward"]
[Black "Ivic, Velimir"]
[Result "1/2-1/2"]
[WhiteTitle "FM"]
[BlackTitle "GM"]
[WhiteElo "2365"]
[BlackElo "2622"]
[WhiteFideId "2409836"]
[BlackFideId "950122"]
[EventDate "2024.11.08"]

1. d4 d5 2. c4 e6 3. Nc3 Nf6 4. cxd5 exd5 5. Bg5 Bb4 6. Qb3 a5 7. a3 Bxc3+ 8.
Qxc3 c6 9. e3 h6 10. Bf4 Bf5 11. Bd3 Bxd3 12. Qxd3 a4 13. Ne2 O-O 14. O-O Nbd7
15. Ng3 Nb6 16. Rae1 Re8 17. Re2 Ne4 18. Nf5 Qf6 19. g4 Ng5 20. Kg2 Nc4 21. Bxg5
Qxg5 22. Kh1 b5 23. h3 Rab8 24. Qc3 Qf6 25. Kg2 h5 26. Rfe1 g6 27. Ng3 hxg4 28.
hxg4 Kg7 29. e4 Rh8 30. f3 Qf4 31. e5 Rh4 32. Qc1 Qxc1 33. Rxc1 b4 34. Nh5+ gxh5
35. Kg3 hxg4 36. Kxh4 gxf3 37. Rf2 bxa3 38. bxa3 Rb3 39. Rg1+ Kf8 40. Kg5 Ke7
41. Rg4 Nxa3 42. Ra2 Rd3 43. Rf4 Nb5 44. Rxa4 f2 45. Rxf2 Rxd4 46. Ra6 Re4 47.
Rxc6 Rxe5+ 48. Kf4 Re4+ 49. Kg3 Nd6 50. Ra2 Re6 51. Kf4 Nc4 52. Ra7+ Kf6 53.
Rxc4 dxc4 54. Rc7 1/2-1/2

[Event "24th ch-EUR Indiv 2024"]
[Site "Petrovac MNE"]
[Date "2024.11.11"]
[Round "4.86"]
[White "Maltsevskaya, Aleksandra"]
[Black "Pultinevicius, Paulius"]
[Result "0-1"]
[WhiteTitle "IM"]
[BlackTitle "GM"]
[WhiteElo "2364"]
[BlackElo "2599"]
[WhiteFideId "24174041"]
[BlackFideId "12809390"]
[EventDate "2024.11.08"]

1. e4 c6 2. d4 d5 3. exd5 cxd5 4. c4 Nf6 5. Nc3 e6 6. a3 Be7 7. Nf3 O-O 8. Be2
Nc6 9. O-O b6 10. b4 Ne4 11. Bb2 Nxc3 12. Bxc3 dxc4 13. b5 Na5 14. Bxa5 bxa5 15.
Ne5 Bb7 16. Bxc4 Rc8 17. Qg4 Bf6 18. Nxf7 Rxf7 19. Bxe6 Qc7 20. Rad1 Rd8 21. d5
Be5 22. Qh4 Rf8 23. Rfe1 g6 24. a4 Qd6 25. Qh6 Bc8 26. Bxf7+ Rxf7 27. h3 Rf4 28.
g3 Rf7 29. Qe3 Re7 30. h4 Bg4 31. Rc1 Bf6 32. Qf4 Qxf4 33. gxf4 Rd7 34. d6 Bd8
35. Rc6 Kf8 36. Kg2 Bxh4 37. Rc7 Bd8 38. Kg3 h5 39. Rxd7 Bxd7 40. Re5 Kf7 41.
Re1 Be6 42. Re3 Bb6 43. Re2 Bc5 44. Rc2 Bxd6 45. Rc6 Ke7 46. Kh4 Bxf4 47. Ra6
Kf6 48. Rxa7 Bg4 49. Ra6+ Kf5 0-1

[Event "24th ch-EUR Indiv 2024"]
[Site "Petrovac MNE"]
[Date "2024.11.11"]
[Round "4.87"]
[White "Vocaturo, Daniele"]
[Black "Kochavi, Ori"]
[Result "1-0"]
[WhiteTitle "GM"]
[BlackTitle "IM"]
[WhiteElo "2597"]
[BlackElo "2363"]
[WhiteFideId "813192"]
[BlackFideId "2816873"]
[EventDate "2024.11.08"]

1. e4 c6 2. Nf3 d5 3. d3 g6 4. e5 f6 5. d4 fxe5 6. Nxe5 Nd7 7. Nd2 Nxe5 8. dxe5
Bg7 9. f4 Nh6 10. Be2 Qb6 11. Nf3 O-O 12. a4 Bg4 13. a5 Qc7 14. O-O e6 15. Ng5
Bxe2 16. Qxe2 Rfe8 17. Be3 Nf7 18. Nf3 c5 19. c3 Nh6 20. Kh1 Qc6 21. b4 b6 22.
Bg1 Bf8 23. Qa6 Rec8 24. bxc5 bxc5 25. Qxc6 Rxc6 26. Rfb1 Ra6 27. Rb7 Nf7 28.
Rc7 c4 29. Nd4 Nd8 30. h3 Rb8 31. Bf2 Rb7 32. Rc8 Be7 33. g4 Kf7 34. Ra8 Rb2 35.
Be3 Ke8 36. f5 gxf5 37. gxf5 exf5 38. Nxf5 Re2 39. Nxe7 Rxe3 40. Nxd5 Rxh3+ 41.
Kg2 Rah6 42. Nf6+ Kf7 43. Ng4 R6h4 44. Rxd8 Rxc3 45. Rf1+ Ke7 46. Rg8 h5 47. Nf6
Rc2+ 48. Kg3 Rd4 49. Re8+ Kf7 50. e6+ Kg6 51. Rg8+ Kh6 52. e7 1-0

[Event "24th ch-EUR Indiv 2024"]
[Site "Petrovac MNE"]
[Date "2024.11.11"]
[Round "4.88"]
[White "Vogel, Roven"]
[Black "Derakhshani, Borna"]
[Result "1-0"]
[WhiteTitle "GM"]
[BlackTitle "FM"]
[WhiteElo "2558"]
[BlackElo "2355"]
[WhiteFideId "12908088"]
[BlackFideId "12518450"]
[EventDate "2024.11.08"]

1. Nf3 Nf6 2. c4 b6 3. g3 e6 4. Bg2 Bb7 5. O-O Be7 6. d4 O-O 7. Nc3 Ne4 8. Bd2
d6 9. Qc2 Nxc3 10. Bxc3 c5 11. Ng5 Bxg5 12. Bxb7 Nd7 13. Bxa8 Qxa8 14. Rad1 Nf6
15. dxc5 dxc5 16. f4 Ng4 17. Qd3 Bf6 18. Qf3 Bxc3 19. bxc3 Nf6 20. Qxa8 Rxa8 21.
Rd3 Kf8 22. Rfd1 Ke7 23. Kg2 Rc8 24. Kf3 Rc7 25. e4 e5 26. Rd8 Nd7 27. Ra8 h5
28. Rd5 g6 29. fxe5 Rb7 30. Ke3 Rc7 31. h4 Rb7 32. Kd3 Nb8 33. Kc2 a6 34. Rd6 b5
35. Rd5 bxc4 36. Rxc5 Nd7 37. Rxc4 Rb6 38. Rc7 1-0

[Event "24th ch-EUR Indiv 2024"]
[Site "Petrovac MNE"]
[Date "2024.11.11"]
[Round "4.89"]
[White "Sebenik, Matej"]
[Black "Filip, Lucian-Ioan"]
[Result "1/2-1/2"]
[WhiteTitle "GM"]
[BlackTitle "IM"]
[WhiteElo "2524"]
[BlackElo "2341"]
[WhiteFideId "14602296"]
[BlackFideId "1208900"]
[EventDate "2024.11.08"]

1. d4 Nf6 2. c4 e6 3. Nf3 c5 4. d5 d6 5. Nc3 exd5 6. cxd5 g6 7. Bf4 a6 8. a4 Bg7
9. h3 O-O 10. e3 Ne8 11. Be2 Nd7 12. O-O Ne5 13. Bxe5 Bxe5 14. Nxe5 dxe5 15. a5
Nd6 16. Qd2 Bd7 17. e4 Qe7 18. Rfe1 Qh4 19. Qe3 Rac8 20. Bf1 Rfe8 21. g3 Qe7 22.
h4 f5 23. Qg5 Qg7 24. exf5 gxf5 25. Ra3 c4 26. Bh3 Qxg5 27. hxg5 e4 28. f4 exf3
29. Rxe8+ Rxe8 30. Kf2 Kg7 31. Ra1 Kg6 32. Kxf3 Kxg5 33. Bf1 Rf8 34. Re1 Re8 35.
Rd1 Rc8 36. Re1 Re8 37. Rd1 h6 38. Be2 Rc8 39. Ke3 Re8+ 40. Kf3 Rc8 41. Ke3 1/2-1/2

[Event "24th ch-EUR Indiv 2024"]
[Site "Petrovac MNE"]
[Date "2024.11.11"]
[Round "4.90"]
[White "Gines Esteo, Pedro Antonio"]
[Black "Sherman, Raem"]
[Result "1/2-1/2"]
[WhiteTitle "GM"]
[BlackTitle "FM"]
[WhiteElo "2492"]
[BlackElo "2340"]
[WhiteFideId "32080190"]
[BlackFideId "2822288"]
[EventDate "2024.11.08"]

1. c4 e5 2. Nc3 Nf6 3. Nf3 Nc6 4. g3 Bb4 5. Bg2 O-O 6. O-O e4 7. Ng5 Bxc3 8.
bxc3 Re8 9. f3 e3 10. d3 d5 11. Qa4 h6 12. cxd5 Nxd5 13. Ne4 f5 14. Nc5 Kh8 15.
Qb3 f4 16. Ne4 a5 17. Qd1 Bf5 18. gxf4 Qh4 19. Qe1 Qxf4 20. Qg3 Bxe4 21. fxe4
Qxg3 22. hxg3 Nxc3 23. Bf3 b5 24. Bxe3 Ne5 25. Bd2 Na4 26. Rac1 c5 27. Be3 Rac8
28. Rc2 Red8 29. Bg2 c4 30. Bh3 Ra8 31. dxc4 Nxc4 32. Bc1 Nc5 33. Rf5 Ne6 34.
Bb2 Ng5 35. Kh2 Rab8 36. Bg2 Re8 37. Bd4 Ne6 38. Ba7 Rb7 39. Bf2 g6 40. Rd5 Rf7
41. Bf3 Ng5 42. Kg2 a4 43. Rc1 Nxe4 44. Bd4+ Kh7 45. Rxb5 Ncd2 46. Re5 Rxe5 47.
Bxe5 Re7 48. Bd4 Rd7 49. Be3 Nxf3 50. exf3 Nf6 51. Rc4 a3 52. Ra4 Nd5 53. Bf2
Nc3 54. Rxa3 Nd1 55. Ra7 Rxa7 56. Bxa7 Nc3 57. a3 g5 58. Bd4 Nb5 59. Bb2 Kg6 60.
a4 Nc7 61. Be5 Na6 62. Bd6 h5 63. Kh3 Kf5 64. a5 Ke6 65. Ba3 Kf5 66. Bc1 g4+ 67.
fxg4+ hxg4+ 68. Kh4 Nc7 69. Bd2 Na6 70. Bf4 Nc5 71. Bd6 Na6 72. Kh5 Ke6 73. Bf4
Kf5 74. Kh6 Nc5 75. Bd6 Na6 76. Kg7 Ke6 77. Bf4 Kd5 78. Kf6 Nc5 79. Be3 Ne4+ 80.
Ke7 Kc6 81. a6 Kc7 1/2-1/2